Animal Farm : (Record no. 824)

000 -LEADER
fixed length control field 00571nam a2200217 a 4500
008 - FIXED-LENGTH DATA ELEMENTS--GENERAL INFORMATION
fixed length control field 191101s2011 ii ||||g |||| 00| 1 eng d
020 ## - INTERNATIONAL STANDARD BOOK NUMBER
International Standard Book Number 9780143416319
Terms of availability Rs. 125.00
040 ## - CATALOGING SOURCE
Original cataloging agency IMU Kochi Library
Language of cataloging eng
041 0# - LANGUAGE CODE
Language code of text/sound track or separate title eng
044 ## - COUNTRY OF PUBLISHING/PRODUCING ENTITY CODE
MARC country code India
082 04 - DEWEY DECIMAL CLASSIFICATION NUMBER
Edition number 23
Classification number 823.912
Item number Or9
100 1# - MAIN ENTRY--PERSONAL NAME
Personal name Orwell, George
245 10 - TITLE STATEMENT
Title Animal Farm :
Sub Title A Fairy Story /
260 ## - PUBLICATION, DISTRIBUTION, ETC. (IMPRINT)
Place of publication, distribution, etc New Delhi :
Name of publisher, distributor, etc Penguin Books India Pvt. Ltd. ,
Date of publication, distribution, etc 2011
300 ## - PHYSICAL DESCRIPTION
Extent 94 p. ;
Dimensions 18 cm.
650 #0 - SUBJECT ADDED ENTRY--TOPICAL TERM
Topical term or geographic name as entry element Domestic animals
Form subdivision Fiction
650 #0 - SUBJECT ADDED ENTRY--TOPICAL TERM
Topical term or geographic name as entry element Equality
Form subdivision Fiction
852 ## - LOCATION/CALL NUMBER
Location IMU Kochi Library
904 ## - LOCAL DATA ELEMENT D, LDD (RLIN)
CATALOGER Akhil Bose
942 ## - ADDED ENTRY ELEMENTS (KOHA)
Item type Books
Holdings
Withdrawn status Lost status Source of classification or shelving scheme Damaged status Not for loan Collection code Permanent location Current location Shelving location Date acquired Source of acquisition Cost, normal purchase price Total Checkouts Total Renewals Full call number Barcode Date last seen Date last borrowed Koha item type Public note
          Fiction IMU Kochi Library IMU Kochi Library Fiction & General 2013-12-06 M/s Current Books (Inv. No.925 dt. 2013-12-02) 125.00 12 1 823.912 Or9 BK002605 2026-03-16 2026-02-27 Books Shelf-19, Row-2


Copyright © All Rights Reserved by Indian Maritime University, Kochi Campus.
For any Suggestions/Query Contact to library or Email: library.kochi@imu.ac.in Ph:(0484)-2989402
(Web OPAC Designed by Rudra Ranjan. Maintained by IMU Kochi Library)

Powered by Koha